000 00393nam a22001097a 4500
082 _a080
100 _aमनोज अंबिके
_982703
245 _aपॉवर ऑफ कॉन्फिडेंस
260 _aपुणे
_bमायमिरर पब्लिशिंग हाउस
_c2024
650 _aव्यक्तित्व विकास
_965212
942 _cHIN
999 _c67407
_d67407